000 00675nam a2200217Ia 4500
003 GCL
005 20240530102639.0
008 140319s9999 xx 000 0 ara d
040 _aGCL /
_cGCL
082 0 4 _a811.9
_bح د
100 0 _aحلمى سالم
245 1 0 _aدهاليزى والصيف ذو الوطء /
_cحلمى سالم
260 _a[S.N] :
_bرياض الريس للكتب والنشر ،
_c1990
300 _a65 ص. ؛
_c20 سم.
490 0 _aالسلسلة الشعرية الثانية
_v0
650 0 4 _aالشعر العربى
650 0 4 _aتاريخ
650 0 4 _aدواوين وقصائد
650 0 4 _aتاريخ ونقد
942 _2ddc
_cBK
999 _c33700
_d33700